000 00628nam a2200277Ia 4500
005 20260127113002.0
008 008 260114s9999 xx 000 0 eng d
037 _aTextbook
040 _aPSDL
040 _beng
040 _cPSDL
041 _2eng
041 _aeng
084 _aY592 M5
084 _qPSDL
100 _aOstergaard, Geoffrey
_91108713
245 0 _aNonviolent Revolution in India
245 0 _cOstergaard, Geoffrey
260 _aNew Delhi
260 _bGandhi Peace
300 _a419p.
942 _cTB
942 _hY592 M5
999 _c1674075
_d1674075